Dua Lipa- Future Nostalgia (All Lyrics) - Statistics

General Stats
  • This quiz has been taken 46 times
  • The average score is 303 of 423
Answer Stats
Lyrics % Correct
No
97%
(No
97%
no
97%
You
97%
you
97%
a
93%
Future
93%
(Future
93%
(Future,
93%
future
93%
(Future)
93%
I
90%
nostalgia)
90%
Nostalgia
90%
the
90%
be
86%
My
86%
my
86%
your
86%
me
83%
name
83%
out
83%
to
83%
know
79%
figure
76%
want
76%
alpha
72%
can't
72%
Can't
72%
I'm
72%
is
72%
Like
72%
like
72%
like,
72%
of
72%
tip
72%
tongue,
72%
you're
72%
but
69%
game
69%
get
69%
it
69%
on
69%
this
69%
timeless
69%
trying
69%
ain't
66%
beat
66%
female
66%
gonna
66%
in
66%
wanna
66%
way
66%
way,
66%
way)
66%
with
66%
architecture,
62%
coming
62%
do,
62%
modern
62%
mouth
62%
name's
62%
song,
62%
up
62%
used
62%
without
62%
'cause
59%
change
59%
dying
59%
handle
59%
if
59%
John
59%
keep
59%
recipe,
59%
damn
55%
doin'
55%
sound
55%
sound,
55%
thing
55%
for
52%
rolling
52%
stone
52%
wear
52%
what
52%
been
48%
matter
48%
running
48%
turn
48%
Lautner
45%
loud,
45%
ya
45%
built
41%
face
41%
give
41%
his
41%
let
41%
pants
41%
that
41%
glass
38%
house
38%
live
38%
man
38%
showing
38%
talk,
38%
taste
38%
day,
34%
here
34%
how
34%
one
34%
talking
34%
teach
34%
bitter
31%
enough
31%
now
31%
build
28%
Jeff's
28%
tough
28%
blast
24%
looks
24%
(Haha)
21%
(Hey,
10%
hey)
10%
No matching quizzes found
Score Distribution
Percent of People with Each Score
Percentile by Number Answered
Your Score History
You have not taken this quiz